000 00825nam a2200253 a 4500
001 000023483
005 20240527201743.0
008 880701s1982 mx b 000 1 spa d
020 _a968230105x
040 _aDO-SdBNP
_bspa
_cBNPHU
082 _a325.32
_bW565i, 1982
100 1 _aWheelock Román, Jaime.
_938888
245 1 0 _aImperialismo y dictadura :
_bcrisis de una formación social /
_cJaime Wheelock Román.
250 _a6a ed.
260 _aMéxico, D. F. :
_bSiglo Veintiuno,
_c1982.
300 _a213 p. ;
_c21 cm.
490 1 _aSociología y política
505 0 _aIncluye notas y referencias bibliográficas al pie de las páginas.
504 _aBibliografía : 209-213 p.
650 0 _aImperialismo
_91499
650 0 _aDemocracia
_9286
830 0 _aSociología y política
_917789
049 _aBNGR
999 _c22979
_d22979